书目信息 |
| 题名: |
李自成纪年附考
|
|
| 作者: | 柳义南 著 | |
| 分册: | ||
| 出版信息: | 北京 中华书局 1983 |
|
| 页数: | 389页 | |
| 开本: | 21cm | |
| 丛书名: | ||
| 单 册: | ||
| 中图分类: | K248.1 | |
| 科图分类: | ||
| 主题词: | 中国--历史 | |
| 电子资源: | ||
| ISBN: | ||
| 000 | 00506nam0 2200193 45 | |
| 001 | 0312221749 | |
| 005 | 20051027084110.17 | |
| 010 | @dCNY1.40 | |
| 091 | @a11018.1038 | |
| 100 | @a20031222d1983 km y0chiy0120 ea | |
| 101 | @achi | |
| 200 | 1 | @a李自成纪年附考@ALi Zi Cheng Ji Nian Fu Kao@f柳义南著@FLiu Yi Nan Zhu |
| 210 | @a北京@c中华书局@d1983 | |
| 215 | @a389页@d21cm | |
| 606 | 0 | @a中国@x历史 |
| 690 | @aK248.1@v3 | |
| 701 | 0 | @a柳义南@4著 |
| 801 | @aCN@bTSTCL@c20051027 | |
| 905 | @dK248.1@e8@f1@b100424 | |
| 李自成纪年附考/柳义南著.-北京:中华书局,1983 |
| 389页;21cm |
| ISBN :CNY1.40 |
| ● |
| 相关链接 |
|
|
|
|
正题名:李自成纪年附考
索取号:K248.1/8
 
预约/预借
| 序号 | 登录号 | 条形码 | 馆藏地/架位号 | 状态 | 备注 |
| 1 | 0100424 | 001311468 | 密集书库/ [索取号:K248.1/8] | 在馆 | |
| 2 | 0100425 | 001660161 | 密集书库/ [索取号:K248.1/8] | 在馆 | |
| 3 | 0100426 | 001311459 | 第二样本阅览室/ [索取号:K248.1/8] | 在馆 | |
| 4 | 0157504 | 001660090 | 密集书库/ [索取号:K248.1/8] | 在馆 | |
| 5 | 0157505 | 001660107 | 密集书库/ [索取号:K248.1/8] | 在馆 | |
| 6 | 0157506 | 202132539 | 第二借阅区/ [索取号:K248.1/8] | 在馆 |